000
00291nam a22001457a 4500
020
_a
81-7130-308-0
082
_a
894.812.3
_b
BAS/A
100
_a
BASHEER
245
_a
AANAPPOODA
260
_a
KOTTAYAM
_b
DC BOOKS
_c
2018
300
_a
143
520
_a
NOVEL
650
_a
NOVEL
942
_c
BK
999
_c
4767
_d
4767